Reality Isn't What It Used to Be : (Record no. 618325)

MARC details
000 -LEADER
fixed length control field 00501nam a2200193 a 4500
008 - FIXED-LENGTH DATA ELEMENTS--GENERAL INFORMATION
fixed length control field 260330s1992##################000#0#eng##
020 ## - INTERNATIONAL STANDARD BOOK NUMBER
ISBN 9780062500175
082 04 - DEWEY DECIMAL CLASSIFICATION NUMBER
Classification number 359
Item number AND
100 1# - MAIN ENTRY--AUTHOR NAME
Personal name Anderson, Walter Truet,
245 10 - TITLE STATEMENT
Title Reality Isn't What It Used to Be :
260 ## - PUBLICATION, DISTRIBUTION, ETC. (IMPRINT)
Name of publisher HarperOne,
Year of publication 1992.
300 ## - PHYSICAL DESCRIPTION
Number of Pages 304 pages
650 #0 - SUBJECT ADDED ENTRY--TOPICAL TERM
Topical Term Self-Help.
942 ## - ADDED ENTRY ELEMENTS (KOHA)
Koha item type English Books
Holdings
Withdrawn status Lost status Damaged status Not for loan Home library Current library Shelving location Date acquired Full call number Accession Number Price effective from Koha item type
        Anna Centenary Library Anna Centenary Library 4TH FLOOR, A WING 30.03.2026 359 AND 466921 30.03.2026 English Books

Find us on the map